Just Be Close: Miscellaneous Edition Quiz Stats

 Plays Quiz Updated Nov 9, 2019

Score 0/20 Timer 05:00
15 Plays Today
Clue Close? % Correct
Number of Fanta flavors available in the U.S. (excluding Fanta Zero)???
86.6%
Ranking of the name 'Michael' for U.S. males, according to the 2017 Social Security Report ???
75.4%
Number of astronauts who have walked on the Moon???
70.8%
Number of pints of blood in the average human being???
66.8%
Acceptance rate of applicants at Harvard University in 2018???
63.6%
Current number of spaces on the Wheel of Fortune wheel???
54.9%
Jersey number in common of Larry Bird, Patrick Roy, and Kareem Abdul-Jabbar???
53.9%
Times word 'Sporcle' appeared as an answer in New York Times Sunday crossword???
50.8%
Number of Ford motor vehicle models currently manufactured in the U.S. and Europe???
45.5%
Interstate number that runs from Seattle through Boston???
45.4%
Clue Close? % Correct
Percentage of U.S. inmates that are female (2015 data)???
41.2%
Number of wedding cakes Prince Charles and Lady Diana received from generous well-wishers???
39.9%
People served as Chief Justice of the United States since the Supreme Court was established in 1789???
37.5%
Total films actress Greta Garbo appeared in???
35.5%
Number of companies that make up the Dow Jones Industrial Average???
32.6%
Waistline of the Statue of Liberty (in feet)???
25.9%
Letters in full version of Hungarian alphabet???
22%
Digit place that a zero is first encountered in pi, (after the decimal)???
20.8%
Miles from the original location of Woodstock, NY the 1969 concert was actually played at???
19.5%
Number of modern constellations, according to the International Astronomical Union???
18.8%

You're not logged in!

Compare scores with friends on all Sporcle quizzes.
OR
Log In

Sporcle TV

Today on Sporcle TV


Watch our educational content, quiz creation guides, and fun videos on Sporcle TV.

Show Comments

Extras

Top Quizzes Today


Score Distribution

Your Account Isn't Verified!

In order to create a playlist on Sporcle, you need to verify the email address you used during registration. Go to your Sporcle Settings to finish the process.

Report this User

Report this user for behavior that violates our Community Guidelines.

Details: